|
|
|
|
| LEADER |
00000nas a22000001a 4500 |
| 001 |
vtls010302005 |
| 003 |
SK-MaSNL |
| 005 |
20260228162810.0 |
| 008 |
110810d19461948xo mr p r 0 b0slo |
| 015 |
|
|
|a SNBDS17XX9999
|
| 015 |
|
|
|a 1201
|2 Balúnová 1945-60
|
| 038 |
|
|
|a SNKBUDS
|
| 040 |
|
|
|a SNK
|b slo
|c SNK
|e AACR2
|
| 041 |
0 |
|
|a slo
|
| 044 |
|
|
|a xo
|c SK
|
| 080 |
|
|
|a 272/273
|2 2001
|
| 245 |
0 |
0 |
|a Pre rodičov
|
| 260 |
|
|
|a Trnava
|b Ústredie Katolíckej jednoty
|c 1946-1948
|
| 300 |
|
|
|a 2 roč.
|c 23 x 15 cm
|
| 310 |
|
|
|a 1x mesačne
|
| 362 |
0 |
|
|a Č. 1 (november 1946)-č. 11 (november 1948)
|
| 500 |
|
|
|a V tiráži: príloha Katolíckej jednoty
|
| 500 |
|
|
|a Vych. v Trnave mesačne
|
| 500 |
|
|
|a Red. sa neuvádza
|
| 500 |
|
|
|a Vyd. Ústredie Katolíckej jednoty v Trnave
|
| 500 |
|
|
|a Tlač. Únia, kníhtlačiareň, p. n. s., Bratislava
|
| 500 |
|
|
|a Samostatná príloha časopisu. Katolícka jednota, vychádzala od nov. 1946 - po dlhšej prestávke. Do r. 1945 vych. pod názvom Listy rodičom. Čas. zrušený, posl. č. 11 v nov. 1948
|
| 505 |
8 |
0 |
|g Roč. 1946/47 10 č. po 8 s.
|
| 505 |
8 |
0 |
|g Roč. 1948 11 č. po 8 s.
|
| 610 |
2 |
7 |
|a Katolícka cirkev
|2 SNKBUDS
|9 206702
|
| 655 |
|
7 |
|a cirkevné časopisy
|2 SNKBUDS
|9 265768
|
| 710 |
2 |
|
|a Ústredná katolícka jednota (Trnava)
|e vydav.
|9 272150
|
| 710 |
2 |
|
|a Únia, spoločnosť s r. o. (Bratislava)
|e tlač.
|9 269284
|
| 772 |
0 |
|
|t Katolícka jednota
|x 1337-4397
|
| 780 |
0 |
0 |
|t Listy rodičom
|x 1337-4710
|
| 852 |
|
|
|a SNK
|b 10000
|h ČSC 463
|
| 852 |
|
|
|a UKB
|b 300000
|h SE 534
|
| 852 |
|
|
|a UKB
|b 300000
|h XX E 60
|
| 852 |
|
|
|a SVKKK
|b 900000
|h B 2427
|
| 999 |
|
|
|c 8366
|d 10296
|